000 00601nam a2200229Ia 4500
003 OSt
005 20220924135331.0
006 a|||||r|||| 00| 0
007 ta
008 220923b |||||||| |||| 00| 0 ben d
024 _a290558
037 _cTextual
040 _aARTS
_cARTS
_bben
041 _2ben
_aben
082 _aO113,1L70,1, 157N2
100 _aDasgupta Alokeranjan
_9210103
245 0 _aNiyati o devajan
260 _c1992
650 _aGERMAN LITERATURE
_915713
942 _hO113,1L70,1, 157N2
_cTEXL
_2CC
999 _c440315
_d440315